000 00660cas a2200217 a 4500
001 11474828
005 20240311012621.0
008 970617c19939999ce ar p 0 0eng
020 _a9559062220
040 _aDLC
_beng
_cDLC
_dHLS
_dWAU
_dDLC
_dSYS
_dHVL
_dGBVCP
_dOCLCQ
_dOCLCO
_dOCLCF
_dOCLCO
_dZCU
_dOCLCA
_dOCLCQ
_dPAU
082 0 0 _a323.4
_220
_bSRI.
245 0 0 _aSri Lanka, state of human rights.
_cLaw & Society Trust.
260 _aColombo :
_bLaw & Society Trust,
_c1994-
300 _axiv, 342 p.,
650 0 _aCivil rights
650 0 _aHuman rights
650 7 _aCivil rights.
650 7 _aHuman rights.
700 _aNissan, Elizabeth .
_eedt
942 _cL
999 _c562
_d562